Die aussäen unter Tränen, mit Jubel werden sie ernten : (Psalm 126) : die jüdischen Gemeinden in der Tschechoslowakischen Republik nach dem zweiten Weltkrieg

Korporativní autor: Ústřední církevní nakladatelství
Další autoři: Rada židovských náboženských obcí (Československo)
Jazyk: Němčina
Vydáno: Prag : Zentral-Kirchenverlag, 1959
Témata:
Externí odkaz: Digitalizovaný dokument
Fyzický popis: 215 stran : ilustrace, portréty ; 22 cm
Knihy
Uloženo v:
LEADER 01980nam a2200469 i 4500
001 000369021
003 CZ BrMZK
005 20260416083408.0
007 ta
008 980105s1959 xr ac e 000 0 ger
015 |a cnb000686739 
020 |q (Vázáno) 
035 |a (OCoLC)85464100 
040 |a BOA001  |b cze  |e rda 
043 |a e-cs--- 
045 |a x4x5 
072 7 |a 26  |x Judaismus  |2 Konspekt  |9 5 
080 |a 26-774/-775  |2 MRF 
080 |a 338.246.88  |2 MRF 
080 |a (437)  |2 MRF 
080 |a (048.8)  |2 MRF 
245 0 4 |a Die aussäen unter Tränen, mit Jubel werden sie ernten :  |b (Psalm 126) : die jüdischen Gemeinden in der Tschechoslowakischen Republik nach dem zweiten Weltkrieg 
264 1 |a Prag :  |b Zentral-Kirchenverlag,  |c 1959 
300 |a 215 stran :  |b ilustrace, portréty ;  |c 22 cm 
336 |a text  |b txt  |2 rdacontent 
337 |a bez média  |b n  |2 rdamedia 
338 |a svazek  |b nc  |2 rdacarrier 
500 |a "Herausgegeben vom Rate der jüdischen Gemeinden in den böhmischen Ländern und vom Zentralverband der jüdischen Gemeinden in der Slowakei"--Tiráž 
648 7 |a od 1945  |7 ch601408 
650 0 7 |a židovské obce  |z Československo  |y od 1945  |7 ph128003  |2 czenas 
650 0 7 |a poválečná obnova  |z Československo  |y od 1945  |7 ph285157  |2 czenas 
650 0 9 |a Jewish communities  |z Czechoslovakia  |y 1945-  |2 eczenas 
650 0 9 |a postwar reconstruction  |z Czechoslovakia  |y 1945-  |2 eczenas 
655 7 |a přehledy  |7 fd133202  |2 czenas 
655 9 |a surveys  |2 eczenas 
710 2 |a Ústřední církevní nakladatelství  |7 xx0165775  |4 pbl 
710 2 |a Rada židovských náboženských obcí (Československo)  |7 ko2002102518  |4 isb 
856 4 1 |u http://www.digitalniknihovna.cz/mzk/uuid/uuid:15c8e240-b35b-11e4-a7a2-005056827e51  |y Digitalizovaný dokument  |x NDK 
910 |a BOA001  |b 2-0589.514  |b KPB-0002.060 
990 |a BK 
991 |b 202604 
996 6 |b 2619828897  |c 2-0589.514  |l Sklad H1  |r Sklad / do 24 hodin  |n 2  |h HS212  |w 000369021  |u 000010  |a 1  |e BOA001  |j MZK50  |s P